| 000 | 00854nam a2200253Ia 4500 | ||
|---|---|---|---|
| 003 | OSt | ||
| 005 | 20220923225154.0 | ||
| 006 | a|||||r|||| 00| 0 | ||
| 007 | ta | ||
| 008 | 220922b |||||||| |||| 00| 0 hin d | ||
| 024 | _a259,334 | ||
| 037 | _cTextual | ||
| 040 |
_aARTS _cARTS _bhin |
||
| 041 |
_2hin _ahin |
||
| 082 | _aO15x, 152K3 | ||
| 100 | _aधर्मचन्द सन्त, संपा. | ||
| 245 | 0 | _aसरल साहित्य संकलनम् | |
| 246 | _aSaral sāhitya sankalanam | ||
| 260 |
_aनई दिल्ली _b हिन्दी पुस्तक भण्डार _c1963 |
||
| 300 |
_a180पृ. _ccm. |
||
| 650 | _aसंस्कृत साहित्य | ||
| 942 |
_hO15x, 152K3 _cTEXL _2CC |
||
| 999 |
_c376521 _d376521 |
||